00335nam a2200145Ia 4500008004100000020001500041041000800056082001600064100001100080245002400091250000600115260004400121300001200165650001200177210716s2004 xx 000 0 und d a8178811871 aeng a332.17 SEEK aICFAI. aFinancial services. a1 aHyderabadbICFAI University Pressc2004 avii,199 aFinance